000 00641nam a2200181 4500
001 121273
003 ES-MaACL
007 t|
008 070214s1999 sp r ||||1| spa d
100 1 _aPoole, Lon.
_993078
245 1 0 _aAlgunos programas de uso común en basic
_b: edición computador personal IBM /
_cLon Poole, Mary Borchers, Peter M. Burke ; traducción de Sebastián Dormido Bencomo.
260 _aMadrid :
_bOsborne,
_c1983.
300 _aVII, 212 p. ;
_c28 cm.
700 1 _aBorchers, Mary.
_930371
700 1 _aBurke, Peter M.
_932701
700 1 _aDormido Bencomo, Sebastián.
_945412
852 _aES-MaACL
_jL-7565
_bR.107995
999 _c121273
_d121273